Hệ thống các quy định hiện hành về xuất bản
Nhằm giúp các đơn vị quản lý nhà nước về xuất bản tại địa phương và cán bộ công chức, viên chức ngành Xuất bản - In - Phát hành sách nắm vững chủ trương, chính sách của Đảng, pháp luật của nhà nước để vận dụng vào thực tiễn công tá...
Salvato in:
| Natura: | Libro |
|---|---|
| Lingua: | Vietnamese |
| Pubblicazione: |
H.
Thông tin và truyền thông
2015
|
| Soggetti: | |
| Tags: |
Aggiungi Tag
Nessun Tag, puoi essere il primo ad aggiungerne! !
|
| Thư viện lưu trữ: | Thư viện Trường Đại học Nam Cần Thơ |
|---|
| LEADER | 01782nam a22002177a 4500 | ||
|---|---|---|---|
| 001 | NCT_41084 | ||
| 008 | 180615b xxu||||| |||| 00| 0 vie d | ||
| 999 | |c 1975 |d 1975 | ||
| 020 | |a 9786048011345 |c 100000 | ||
| 082 | 0 | 4 | |2 23rd ed. |a 070.5 |b H250 |
| 245 | 1 | 0 | |a Hệ thống các quy định hiện hành về xuất bản |c Bộ thông tin và truyền thông |
| 260 | |a H. |b Thông tin và truyền thông |c 2015 | ||
| 300 | |a 479 tr. |c 21cm | ||
| 520 | 3 | |a Nhằm giúp các đơn vị quản lý nhà nước về xuất bản tại địa phương và cán bộ công chức, viên chức ngành Xuất bản - In - Phát hành sách nắm vững chủ trương, chính sách của Đảng, pháp luật của nhà nước để vận dụng vào thực tiễn công tác, Nhà xuất bản thông tin và truyền thông đã tập hợp, hệ thống hóa các văn bản của Đảng và nhà nước để xuất bản cuốn sách này. | |
| 653 | |a Quan hệ công chúng | ||
| 942 | |2 ddc |c BK | ||
| 952 | |0 0 |1 0 |2 ddc |4 0 |6 070_500000000000000_H250 |7 0 |9 10556 |a 000001 |b 000001 |d 2018-06-15 |o 070.5 H250 |p MD.05380 |r 2018-06-15 |v 100000.00 |w 2018-06-15 |y BK | ||
| 952 | |0 0 |1 0 |2 ddc |4 0 |6 070_500000000000000_H250 |7 0 |9 10559 |a 000001 |b 000001 |d 2018-06-15 |o 070.5 H250 |p MD.05251 |r 2018-06-15 |v 100000.00 |w 2018-06-15 |y BK | ||
| 952 | |0 0 |1 0 |2 ddc |4 0 |6 070_500000000000000_H250 |7 0 |9 10560 |a 000001 |b 000001 |d 2018-06-15 |o 070.5 H250 |p MD.05234 |r 2018-06-15 |v 100000.00 |w 2018-06-15 |y BK | ||
| 952 | |0 0 |1 0 |2 ddc |4 0 |6 070_500000000000000_H250 |7 0 |9 10562 |a 000001 |b 000001 |d 2018-06-15 |o 070.5 H250 |p MD.05264 |r 2018-06-15 |v 100000.00 |w 2018-06-15 |y BK | ||
| 980 | |a Thư viện Trường Đại học Nam Cần Thơ | ||


